00816nam a2200229Ia 450000100060000000300090000600500170001500800410003202000220007304000280009504100080012308200270013110000410015824501350019926000510033430000470038544000320043265000250046465000300048965000400051970000270055920544DO-CoUTE20260204212613.0220104s9999 dr 000 0 spa d a978-958-648-757-3 aDO-CoUTEbspacDO-CoUTE0 aspa a001.4 C579r 2012 221 1 aCisneros Estupiñan, Mireyaqautor 10aRedacción y publicación de artículos Científicos : Enfoque discurso / Mireya Cisneros Estupiñán, Giohanny Olave Arias  aBogotá, Colombia : bECOE ediciones, c2012  a139 páginas : bIlustraciones ; c24cm.  aEducación y pedagogía  4aArte de escribir  4aPublicaciones cientificas 4aRedacción de escritos técnicos 1 aOlave Arias, Giohanny